000 00403nam a2200133Ia 4500
008 220217s9999||||xx |||||||||||||| ||und||
020 _a81-203-2950-3
082 _a658.403 8 SEP
100 _aSeperich, George, J. and McCalley, Russell, W
_95585
245 0 _aManaging power and people
260 _aPrentice hall of india private Ltd.
_bNew Delhi
_c2006
300 _b195
650 _aMANAGEMENT
999 _c176608
_d176608